Statistiques concernant Présidents ayant le plus largement gagné au second tour

Cliquez ici pour prendre le quiz!

Statistiques générales

  • Ce quiz a été pris 999 fois
  • Le résultat moyen est 7 sur 11

Statistiques - réponses

AnnéePrésidentScore au second tour% Correct
2002Jacques Chirac82,21%
99%
2017Emmanuel Macron66,10%
89%
2022Emmanuel Macron58,54%
73%
2007Nicolas Sarkozy53,06%
63%
2012François Hollande51,64%
62%
1988François Mitterrand54,02%
61%
1969Georges Pompidou58,21%
61%
1965Charles de Gaulle55,20%
60%
1974Valéry Giscard d'Estaing50,81%
56%
1981François Mitterrand51,76%
54%
1995Jacques Chirac52,64%
54%

Distribution des résultats

Percentile par nombre de réponses

% des personnes avec chaque résultat

Votre développement - résultats

Vous n’avez pas pris ce quiz